000 01352pam a2200373 a 4500
001 1947
003 FISKH
005 20231020093944.0
008 930623r19941986nyua j 000 0 eng
010 _a 93025730
020 _a9780689718106
040 _aDLC
_cDLC
_dDLC
042 _alcac
050 0 0 _aPZ8.1.S453
_bAb 1994
082 0 0 _a398.2/1/0968
_aE
_220
100 1 _aSeeger, Pete,
_d1919-2014.
245 1 0 _aAbiyoyo :
_bbased on a South African Lullaby and folk story /
_ctext by Pete Seeger ; illustrations by Michael Hays.
250 _a1st Aladdin Books ed.
260 _aNew York :
_bAladdin,
_c1994.
300 _a45 unnumbered pages :
_bcolor illustrations ;
_c26 cm
440 0 _aReading rainbow book
505 _aJ
520 _aBanished from the town for making mischief, a little boy and his father are welcomed back when they find a way to make the dreaded giant Abiyoyo disappear.
521 8 _a470
_bLexile AD
521 8 _aJ
_bRaz-Plus
650 1 _aFolklore
_zSouth Africa.
650 1 _aLullabies.
650 1 _aMagicians
_vFolklore.
650 1 _aGiants
_vFolklore.
700 1 _aHays, Michael,
_d1956-
_eillustrator
906 _a7
_bcbc
_corignew
_d1
_eocip
_f19
_gy-gencatlg
942 _2ddc
_cBK
_n0
999 _c1947
_d1947